Government and co-operative sugar factories (Record no. 69270)

MARC details
000 -LEADER
fixed length control field 00710cam a22002531 4500
001 - CONTROL NUMBER
control field sa 66004177
003 - CONTROL NUMBER IDENTIFIER
control field DLC
005 - DATE AND TIME OF LATEST TRANSACTION
control field 20260227112240.0
008 - FIXED-LENGTH DATA ELEMENTS--GENERAL INFORMATION
fixed length control field 810630s1965 ii b 000 0 eng
010 ## - LIBRARY OF CONGRESS CONTROL NUMBER
LC control number sa 66004177
025 ## - OVERSEAS ACQUISITION NUMBER
Overseas acquisition number PL480:I-E-5505
035 ## - SYSTEM CONTROL NUMBER
System control number (OCoLC)7541170
040 ## - CATALOGING SOURCE
Original cataloging agency DLC
Transcribing agency MnSU
Modifying agency MnSU
-- DLC
042 ## - AUTHENTICATION CODE
Authentication code premarc
043 ## - GEOGRAPHIC AREA CODE
Geographic area code a-ii---
050 00 - LIBRARY OF CONGRESS CALL NUMBER
Classification number HD9116.I415
Item number M35
082 ## - DEWEY DECIMAL CLASSIFICATION NUMBER
Classification number 334.68641
100 1# - MAIN ENTRY--PERSONAL NAME
Personal name Inamdar, N. R.
245 10 - TITLE STATEMENT
Title Government and co-operative sugar factories
Statement of responsibility, etc. [by] N. R. Inamdar.
260 ## - PUBLICATION, DISTRIBUTION, ETC.
Place of publication, distribution, etc. Bombay,
Name of publisher, distributor, etc. Popular Prakashan
Date of publication, distribution, etc. [1965]
300 ## - PHYSICAL DESCRIPTION
Extent x, 139 p.
Other physical details fold. map.
Dimensions 23 cm.
650 #0 - SUBJECT ADDED ENTRY--TOPICAL TERM
Topical term or geographic name entry element Sugar trade.
650 #0 - SUBJECT ADDED ENTRY--TOPICAL TERM
Topical term or geographic name entry element Cooperative societies
Geographic subdivision India
-- Maharashtra.

No items available.

Powered by Koha